Movies Quiz

Random Movies or Quick Pick Quiz

Quick Pick: Jimmy Stewart Films Quiz Stats

 Plays Quiz not verified by Sporcle

Score 0/18 Timer 01:30
0 Plays Today
% Correct
Earth
96.9%
Wonderful
96.8%
Won
96.8%
Knew
96.8%
Washington
96.7%
Shot
96.1%
Rear
96%
Vacation
95.5%
Story
95.4%
% Correct
Broken
95.4%
West
93.7%
Again
93.4%
Philadelphia
92.7%
St. Louis
91.3%
Air
91.1%
Town
85.9%
Cheyenne
85.3%
Laramie
69.8%

You're not logged in!

Compare scores with friends on all Sporcle quizzes.
OR
Log In

Sporcle TV

Today on Sporcle TV


Watch our educational content, quiz creation guides, and fun videos on Sporcle TV.

Show Comments

Extras

Top Quizzes Today


Score Distribution

Your Account Isn't Verified!

In order to create a playlist on Sporcle, you need to verify the email address you used during registration. Go to your Sporcle Settings to finish the process.

Report this User

Report this user for behavior that violates our Community Guidelines.

Details: